000 00653nam a2200241Ia 4500
005 20230102120611.0
008 131103s9999 xx 000 0 und d
020 _aSBN 41614540X
040 _aLoreto College
041 _aEnglish
082 _a822.09
_bHIN
100 _aHinchliffe, Arnold P.
245 4 _aThe Absurd
_cArnold P. Hinchliffe
260 _aLondon
_bMethuen
_c1969
300 _axii,105 p.
440 _aThe Critical idiom
504 _aIncludes bibliographical references and index
650 _aEnglish Drama
651 _aDrama - Critical Studies
700 _aJump, John D., series ed.
850 _aLCLIB
942 _cBK
999 _c6701
_d57180